000 00540nam a2200193 i 4500
001 87721
003 ES-MaACL
005 20251011063116.0
007 t|
008 041223s1941 uy ||||1| spa d
100 1 _aLaburu, José Antonio de,
_d1887-1972
_969307
245 1 0 _a¿Qué es la Iglesia? /
_cJosé A. de Laburu.
250 _a2ª ed.
260 _aMontevideo :
_bMosca,
_c1941.
300 _a138 p. ;
_c20 cm.
610 2 4 _aIglesia Católica
_94639
852 _aES-MaACL
_jB-9780
_bR.19469
999 _c87721
_d87721